Natural hosts of sowbane mosaic virus in Yugoslavia

Bibliographic Details
Main Authors: Šaric, A. (Author), Juretic, N. (Author)
Format: Article
Language:English
PhysicalDescription:Tb. 1. Obr. 1.
Subjects:

MARC

LEADER 00000nab a2200000 a 4500
001 vtls000116684
003 SK-MaSNL
005 20260318122027.0
008 111031c1980 xo 0 eng
015 |a SNBRA19rr/mm-uuuuu 
035 |a CL0126789 
040 |a SNKBUCL  |b slo  |c SNKBUCL  |e AACR2 
041 0 |a eng 
044 |a xo  |c SK 
080 |a 632.1/.4  |2 1981 
080 |a 582.6/.9  |2 1981 
080 |a 581.2  |2 1981 
100 1 |a Šaric, A.  |4 aut  |9 1499094 
245 1 0 |a Natural hosts of sowbane mosaic virus in Yugoslavia  |c A. Šaric, N. Juretic 
300 |b Tb. 1. Obr. 1. 
650 0 7 |a mrlík hybridný  |2 snkbucl  |9 166176 
650 0 7 |a vírusové choroby  |2 snkbucl  |9 949 
655 7 |a články zo zborníkov  |2 snkbucl  |9 166140 
700 1 |a Juretic, N.  |4 aut  |9 1499095 
773 0 |t Plant virology 1976  |d Bratislava : Veda, 1980  |g S. 411-415 
850 |a Slovenská národná knižnica v Martine  |a MTA001 
852 |a SNK  |b KIS3GCP 
958 |a RK 
992 |a RZB 
999 |c 2991049  |d 2992979